01169nam a2200277Ia 4500001001100000003000500011008004100016010001100057040000900068090002200077100004400099245021700143260003400360300002200394502010500416700005300521710005800574901002200632902000600654905006300660910000900723942000900732942001200741999001900753952011900772Para_10063CHAP220125sDici xx 000 0 und d a208750 cCHAP aPA CD - TESIS 144 aHernández Aguilar, Oscar David953779 aIdentificación y descripción de la entomofauna asociada al chayote (Sechium edule (Jacq.) Sw.) en el estado de Veracruz, México /c Oscar David Hernández Aguilar; Director Juan Fernándo Solís Aguilar aChapingo, Méx. :b el autor a1 CDS ROM (48 p.) aTesis (Ing. Agr. Esp. en Parasitología Agrícola). UACh. Departamento Parasitología Agrícola aSolís Aguilar, Juan Fernando. Director9171333 aUACh. Departamento Parasitología Agrícola9164025 aPA CD - TESIS 144 aM a513220Diciembre, 2011 abmn8100000000 06 aDici cPARA cPARAd2 c208750d208750 00102local4051708TESISaPAbPAc10d2014-12-08fPARAl0pPA_010212r2022-01-25 00:00:00t1w2022-01-25yTDz3